Quantitative methods for Historians ; (Record no. 7760)

MARC details
000 -LEADER
fixed length control field 00553nam a22001577a 4500
008 - FIXED-LENGTH DATA ELEMENTS--GENERAL INFORMATION
fixed length control field 190326b ||||| |||| 00| 0 eng d
020 ## - INTERNATIONAL STANDARD BOOK NUMBER
International Standard Book Number 0807843091
082 ## - DEWEY DECIMAL CLASSIFICATION NUMBER
Classification number 907 J37q 1992
100 ## - MAIN ENTRY--PERSONAL NAME
Personal name Jarausch, konard H.
245 ## - TITLE STATEMENT
Title Quantitative methods for Historians ;
Remainder of title a guide to research Data and Statistics.
260 ## - PUBLICATION, DISTRIBUTION, ETC.
Place of publication, distribution, etc. London ;
Name of publisher, distributor, etc. The University of North Carolina Press,
Date of publication, distribution, etc. 1991.
300 ## - PHYSICAL DESCRIPTION
Extent xv, 247 p.
Other physical details Includes Bibliographical references and index.
Dimensions 23 cm.
650 ## - SUBJECT ADDED ENTRY--TOPICAL TERM
Source of heading or term History- Statistical methods.
700 ## - ADDED ENTRY--PERSONAL NAME
Personal name Hardy, Kenneth A.
942 ## - Added entry Elements (Koha)
Source of classification or shelving scheme Dewey Decimal Classification
Holdings
Withdrawn status Lost status Source of classification or shelving scheme Damaged status Not for loan Collection code Home library Current library Shelving location Date acquired Serial Enumeration / chronology Total Checkouts Full call number Barcode Date last seen Price effective from Koha item type
    Dewey Decimal Classification     Main TEST RTC Library RTC Library Main opac 26/03/2019 13562   907 JAR 30013240 26/03/2019 26/03/2019 Main
    Dewey Decimal Classification     Main TEST RTC Library RTC Library Main opac 26/03/2019 13564   907 JAR 30012094 19/02/2020 26/03/2019 Main
Royal Thimphu College || All Right Reserved